000 nam a22 a 4500
999 _c146
_d146
005 20170420161755.0
008 170420s1994 -uk||||| |||| 00| 0 eng d
020 _a0192800248
040 _aAKMAL
082 _a428 OXF
090 _a428
_bOXF
100 1 _aa Weiner, E. S. C.
_9369
245 1 4 _aThe Oxford guide to English usage.
250 _a 2nd ed /
_bcompiled by E.S.C. Weiner and Andrew Delahunty.
260 _aOxford :
_bOxford University Press,
_c1994, c1993.
300 _axi,306p. ;
_c20cm
500 _aOriginally published: Oxford : Clarendon, 1993. _ Previous ed. published as: The Oxford mini guide to English usage. Oxford : Clarendon, 1983.
650 0 _aEnglish language
_xHandbooks, manuals, etc.
_9370
700 1 _aDelahunty, Andrew.
_9371
700 1 _aWeiner, E. S. C.
_q(Edmund S. C.).
_9372
942 _2ddc
_cBOOK
950 _lAKMAL